Gravity - Sara Bareilles lyrics - Statistics

General Stats
  • This quiz has been taken 10 times
  • The average score is 242 of 246
Answer Stats
Answer % Correct
a
100%
all
100%
always
100%
am
100%
and
100%
And
100%
another
100%
anything
100%
As
100%
back
100%
be
100%
brings
100%
But
100%
can't
100%
'cause
100%
chains
100%
do
100%
don't
100%
down
100%
down,
100%
drown
100%
everything
100%
fall
100%
feel
100%
foe
100%
for
100%
fragile
100%
free,
100%
friend
100%
go
100%
gone
100%
graviity
100%
gravity
100%
ground
100%
here
100%
Here
100%
hold
100%
I
100%
I'm
100%
in
100%
into
100%
is
100%
Is
100%
It
100%
just
100%
keep
100%
keeping
100%
knees
100%
know
100%
leave
100%
let
100%
little
100%
long
100%
love
100%
loved
100%
make
100%
matter
100%
me
100%
me,
100%
moment
100%
much
100%
my
100%
need
100%
neither
100%
never
100%
No
100%
not
100%
Oh,
100%
on
100%
one
100%
or
100%
over
100%
rain
100%
say
100%
see
100%
seem
100%
Set
100%
so
100%
Something
100%
stand
100%
still
100%
strong
100%
takes
100%
tall
100%
that
100%
That
100%
the
100%
The
100%
thing
100%
think
100%
Though
100%
thought
100%
'til
100%
to
100%
too
100%
touch
100%
try
100%
wanna
100%
wanted
100%
was
100%
way
100%
what
100%
When
100%
while
100%
without
100%
you
100%
You
100%
your
100%
you're
100%
You're
100%
nor
86%
strength
86%
supposed
86%
Than
86%
ya,
14%
ya.
14%
ya
14%
No matching quizzes found
Score Distribution
Percent of People with Each Score
Percentile by Number Answered
Your Score History
You have not taken this quiz